Epping Electrical Co Ltd v Briggs and Forrester (Plumbing Services) Ltd (Record no. 78541)
[ view plain ]
| 000 -LEADER | |
|---|---|
| fixed length control field | 01899cab a22002055a 4500 |
| 001 - CONTROL NUMBER | |
| control field | L137084 |
| 008 - FIXED-LENGTH DATA ELEMENTS--GENERAL INFORMATION | |
| fixed length control field | 070313e2007 xxk 000 0 eng d |
| 035 ## - SYSTEM CONTROL NUMBER | |
| System control number | (Sirsi) u137084 |
| 041 ## - LANGUAGE CODE | |
| Language code of text/sound track or separate title | eng |
| 245 ## - TITLE STATEMENT | |
| Title | Epping Electrical Co Ltd v Briggs and Forrester (Plumbing Services) Ltd |
| Medium | [electronic resource] |
| 260 ## - PUBLICATION, DISTRIBUTION, ETC. | |
| Date of publication, distribution, etc. | 2007 |
| 520 ## - SUMMARY, ETC. | |
| Summary, etc. | [2007] EWHC 4 (TCC), 19 January 2007. Considered whether an adjudicator's decision had been made out of time. Applicant (E) was sub-sub-contractor to respondent (B), the mechanical and electrical sub-contractor for a residential development. A dispute between the parties was referred to adjudication. An initial request by adjudicator (G) to extend the time to make his decision was consented by E, and a further seven day extension was consented by B. G completed his decision on the last day of that period, but refused to send it to the parties until he was paid, and released his decision two days later. B submitted that the decision was made out of time and G therefore had no jurisdiction to make it. E applied for summary judgment to enforce the adjudicator's decisions. "Held": application refused. Consent to an extension for time for G to reach his decision was conditional on the decision being issued by a particular date; when this had not happened there was no valid extension of time and G's decision given out of time was unenforceable. |
| 590 ## - LOCAL NOTE (RLIN) | |
| Local note | KA |
| 650 24 - SUBJECT ADDED ENTRY--TOPICAL TERM | |
| Topical term or geographic name entry element | HOUSING GRANTS, CONSTRUCTION AND REGENERATION ACT 1996 S108 |
| 650 24 - SUBJECT ADDED ENTRY--TOPICAL TERM | |
| Topical term or geographic name entry element | EPPING ELECTRICAL CO LTD V BRIGGS AND FORRESTER (PLUMBING SERVICES) LTD |
| 651 #4 - SUBJECT ADDED ENTRY--GEOGRAPHIC NAME | |
| Geographic name | England and Wales |
| Chronological subdivision | 1543- |
| 690 ## - LOCAL SUBJECT ADDED ENTRY--TOPICAL TERM (OCLC, RLIN) | |
| Topical term or geographic name as entry element | MANAGEMENT-DISPUTE AVOIDANCE, MANAGEMENT AND RESOLUTION-DISPUTE MANAGEMENT AND RESOLUTION-ALTERNATIVE DISPUTE RESOLUTION-ADJUDICATION |
| 856 40 - ELECTRONIC LOCATION AND ACCESS | |
| Uniform Resource Identifier | <a href="https://www.bailii.org/ew/cases/EWHC/TCC/2007/4.html">https://www.bailii.org/ew/cases/EWHC/TCC/2007/4.html</a> |
| Public note | View the judgment free of charge at www.bailii.org... |
| 942 ## - ADDED ENTRY ELEMENTS (KOHA) | |
| Suppress in OPAC | 0 |
| Withdrawn status | Lost status | Source of classification or shelving scheme | Damaged status | Not for loan | Home library | Current library | Shelving location | Date acquired | Total Checkouts | Full call number | Barcode | Date last seen | Copy number | Price effective from | Koha item type |
|---|---|---|---|---|---|---|---|---|---|---|---|---|---|---|---|
| Dewey Decimal Classification | Virtual | Virtual | Online | 13/03/2007 | ONLINE PUBLICATION | 137084-2001 | 06/08/2019 | 1 | 06/08/2019 | Law report |